Fiber optic current sensor; Современные техника и технологии; Т. 1
| Parent link: | Современные техника и технологии: сборник трудов XX международной научно-практической конференции студентов, аспирантов и молодых ученых, Томск, 14-18 апреля 2014 г./ Национальный исследовательский Томский политехнический университет (ТПУ).— , 2014 Т. 1.— 2014.— [P. 161-162] |
|---|---|
| Päätekijä: | |
| Muut tekijät: | , , |
| Yhteenveto: | Заглавие с титульного экрана |
| Kieli: | englanti |
| Julkaistu: |
2014
|
| Sarja: | Instrument Making |
| Aiheet: | |
| Linkit: | http://earchive.tpu.ru/handle/11683/20997 http://www.lib.tpu.ru/fulltext/c/2014/C01/V1/078.pdf |
| Aineistotyyppi: | Elektroninen Kirjan osa |
| KOHA link: | https://koha.lib.tpu.ru/cgi-bin/koha/opac-detail.pl?biblionumber=606522 |
MARC
| LEADER | 00000naa2a2200000 4500 | ||
|---|---|---|---|
| 001 | 606522 | ||
| 005 | 20231101132415.0 | ||
| 035 | |a (RuTPU)RU\TPU\conf\3901 | ||
| 035 | |a RU\TPU\conf\3900 | ||
| 090 | |a 606522 | ||
| 100 | |a 20140602d2014 k y0rusy50 ba | ||
| 101 | 0 | |a eng | |
| 102 | |a RU | ||
| 105 | |a y z 101zy | ||
| 135 | |a drcn ---uucaa | ||
| 181 | 0 | |a i | |
| 182 | 0 | |a b | |
| 200 | 1 | |a Fiber optic current sensor |f M. Grigoriev, N. Turushev |g sci. adv. D. Avdeeva ; lingv. O. Yu. Troitsky | |
| 203 | |a Текст |c электронный | ||
| 225 | 1 | |a Instrument Making | |
| 230 | |a 1 компьютерный файл (pdf; 372 Kb) | ||
| 300 | |a Заглавие с титульного экрана | ||
| 320 | |a [Referen.: p. 162 (5 title)] | ||
| 337 | |a Adobe Reader | ||
| 461 | 1 | |0 (RuTPU)RU\TPU\conf\3687 |t Современные техника и технологии |o сборник трудов XX международной научно-практической конференции студентов, аспирантов и молодых ученых, Томск, 14-18 апреля 2014 г. |o в 3 т. |f Национальный исследовательский Томский политехнический университет (ТПУ) |d 2014 | |
| 463 | 0 | |0 (RuTPU)RU\TPU\conf\3688 |t Т. 1 |v [P. 161-162] |d 2014 | |
| 610 | 1 | |a труды учёных ТПУ | |
| 610 | 1 | |a электронный ресурс | |
| 700 | 1 | |a Grigoriev |b M. | |
| 701 | 1 | |a Turushev |b N. | |
| 702 | 1 | |a Avdeeva |b D. |4 695 | |
| 702 | 1 | |a Troitsky |b O. Yu. |c physicist |c Professor of Tomsk Polytechnic University, Doctor of physical and mathematical sciences |f 1943- |g Oleg Yurievich |2 stltpush |4 570 | |
| 801 | 2 | |a RU |b 63413507 |c 20210310 |g RCR | |
| 856 | 4 | |u http://earchive.tpu.ru/handle/11683/20997 | |
| 856 | 4 | |u http://www.lib.tpu.ru/fulltext/c/2014/C01/V1/078.pdf | |
| 942 | |c BK | ||